Grammar troublespots : an editing guide for students /

में बचाया:
ग्रंथसूची विवरण
मुख्य लेखक: Raimes, Ann
स्वरूप: पुस्तक
भाषा:अंग्रेज़ी
प्रकाशित: New York : St. Martin's, c1992.
संस्करण:2nd ed.
विषय:
टैग: टैग जोड़ें
कोई टैग नहीं, इस रिकॉर्ड को टैग करने वाले पहले व्यक्ति बनें!

MARC

LEADER 00000cam a22000002a 4500
001 0000008047
003 DAYSTAR
005 20171002014517.0
008 030703s1992 nyu 001 0 eng d
020 |a 0312065183 
040 |a Daystar 
040 |d jwaiganjo 
050 1 |a PE 1128  |b .R28 
100 1 |a Raimes, Ann. 
245 1 0 |a Grammar troublespots :  |b an editing guide for students /  |c Ann Raimes. 
250 |a 2nd ed. 
260 |a New York :  |b St. Martin's,  |c c1992. 
300 |a v, 170p. 
650 0 |a English language  |x Grammar. 
650 0 |a English language  |x Textbooks for foreign speakers. 
908 |a 060412 
942 |c G 
952 |0 0  |1 0  |4 0  |6 PE_1128_000000000000000_R28_1992  |7 0  |9 3319  |a DUA  |b DUA  |c GC  |d 2017-09-28  |l 0  |o PE 1128.R28 1992  |p BK016992  |q 2008-04-30  |r 2017-09-28 00:00:00  |s 2008-01-01  |w 2017-09-28  |x 45479  |y G 
999 |c 2126  |d 2126